[Event "FRA-ch op-C"]
[Site "L'Alpe d'Huez"]
[Date "2023.08.19"]
[Round "1"]
[White "Lequang, Enzo"]
[Black "Anes, Thomas"]
[Result "1-0"]
[WhiteElo "1654"]
[BlackElo "1748"]
[PlyCount "61"]
[EventDate "2023.08.19"]
[EventType "swiss"]
[EventRounds "9"]
[EventCountry "FRA"]
[SourceTitle "EXT 2024"]
[Source "ChessBase"]
[SourceDate "2023.10.10"]
[SourceVersion "1"]
[SourceVersionDate "2023.10.10"]
[SourceQuality "1"]

1. d4 Nf6 2. Bg5 e6 3. e3 c5 4. c3 cxd4 5. exd4 Be7 6. Nd2 b6 7. Bd3 Bb7 8. Ngf3 0-0 9. Qc2 h6 10. Bxf6 Bxf6 11. Ne4 Be7 12. h4 f5 13. Ned2 h5 14. 0-0-0 Ba6 15. Ne5 d6 16. Ng6 Rf6 17. Nf4 g6 18. Rde1 Qd7 19. f3 Bb7 20. Rhg1 Nc6 21. g4 hxg4 22. fxg4 Rc8 23. Bb5 Kh7 24. d5 exd5 25. Nxd5 Rf7 26. gxf5 gxf5 27. Bxc6 Bxc6 28. Nxe7 Rxe7 29. Rxe7+ Qxe7 30. Qxf5+ Kh8 31. Qxc8+ 1-0

[Event "FRA-ch U12/16"]
[Site "Agen"]
[Date "2023.04.24"]
[Round "3"]
[White "Muller Moingt, Bastien"]
[Black "Lequang, Enzo"]
[Result "1-0"]
[WhiteElo "1924"]
[BlackElo "1584"]
[PlyCount "83"]
[EventDate "2023.04.23"]
[EventType "swiss"]
[EventRounds "9"]
[EventCountry "FRA"]
[SourceTitle "CBM 214 Extra"]
[Source "ChessBase"]
[SourceDate "2023.07.31"]
[SourceVersion "1"]
[SourceVersionDate "2023.07.31"]
[SourceQuality "1"]

1. e4 d5 2. exd5 Nf6 3. d4 Bg4 4. f3 Bf5 5. Bd3 Bxd3 6. Qxd3 Qxd5 7. c4 Qh5 8. Bf4 Na6 9. Ne2 0-0-0 10. Qb3 g5 11. Bg3 Qg6 12. 0-0 h5 13. c5 Nd5 14. Nbc3 Ndb4 15. Nb5 h4 16. Bxc7 Nxc7 17. Qxb4 Nxb5 18. Qxb5 g4 19. fxg4 Bh6 20. Rf3 Rhg8 21. h3 a6 22. Qb4 Qc2 23. Rb3 Rd7 24. c6 Rc7 25. cxb7+ Kb8 26. Nc3 Be3+ 27. Kh1 Rxg4 28. hxg4 h3 29. gxh3 Rxc3 30. d5 Qf2 31. Qe4 Rxb3 32. axb3 Qxb2 33. Re1 Bc5 34. Qe5+ Qxe5 35. Rxe5 Kxb7 36. h4 Kc7 37. h5 Kd6 38. Rf5 Be3 39. Rxf7 Bg5 40. Rf5 Bf6 41. g5 Be5 42. Rxe5 1-0

[Event "FRA-ch Blitz Online Qual"]
[Site "Europe Echecs INT"]
[Date "2020.05.16"]
[Round "5"]
[White "Galhaud, Jean Philippe"]
[Black "Lequang, Enzo"]
[Result "0-1"]
[WhiteElo "1749"]
[BlackElo "1068"]
[PlyCount "52"]
[EventDate "2020.05.16"]
[EventType "swiss (blitz)"]
[EventRounds "15"]
[EventCountry "FRA"]
[SourceTitle "CBM 196 Extra"]
[Source "ChessBase"]
[SourceDate "2020.07.31"]
[SourceVersion "1"]
[SourceVersionDate "2020.07.31"]
[SourceQuality "1"]

1. e4 e5 2. d4 exd4 3. Bc4 Nc6 4. Nf3 Bc5 5. 0-0 d6 6. c3 dxc3 7. Qb3 cxb2 8. Bxb2 Na5 9. Bxf7+ Kf8 10. Qc3 Nf6 11. Bd5 Nc6 12. Nbd2 Bb4 13. Qb3 Bxd2 14. Nxd2 Ke7 15. Rae1 Re8 16. e5 dxe5 17. Bxc6 bxc6 18. Bxe5 Kf8 19. Bxf6 Qxf6 20. Rxe8+ Kxe8 21. Re1+ Kf8 22. Qb4+ Kg8 23. Qc4+ Kf8 24. Qxc6 Qxc6 25. Nf3 Bg4 26. Nd4 Qc3 0-1

[Event "FRA-ch Blitz Online Qual"]
[Site "Europe Echecs INT"]
[Date "2020.05.16"]
[Round "10"]
[White "Lequang, Enzo"]
[Black "Thibous, Mathis"]
[Result "0-1"]
[WhiteElo "1068"]
[BlackElo "1313"]
[PlyCount "92"]
[EventDate "2020.05.16"]
[EventType "swiss (blitz)"]
[EventRounds "15"]
[EventCountry "FRA"]
[SourceTitle "CBM 196 Extra"]
[Source "ChessBase"]
[SourceDate "2020.07.31"]
[SourceVersion "1"]
[SourceVersionDate "2020.07.31"]
[SourceQuality "1"]

1. e4 c5 2. Nf3 a6 3. d4 cxd4 4. Nxd4 Nf6 5. Nc3 e5 6. Nf3 Bb4 7. Bd2 0-0 8. a3 Bxc3 9. Bxc3 Nxe4 10. Bxe5 Re8 11. Be2 d6 12. Bd4 Nc6 13. Be3 d5 14. 0-0 b5 15. Bd3 Bb7 16. Bxe4 dxe4 17. Qxd8 Raxd8 18. Nd2 Nd4 19. Bxd4 Rxd4 20. Rad1 Red8 21. f3 Rxd2 22. Rxd2 Rxd2 23. fxe4 Bxe4 24. Re1 Rxg2+ 25. Kf1 Bc6 26. Rd1 h5 27. Rd8+ Kh7 28. Rd6 Rxc2 29. b3 Be4 30. Rxa6 Rxh2 31. Ra5 Rb2 32. Rxb5 Bd3+ 33. Ke1 Bxb5 34. a4 Rxb3 35. a5 Ra3 36. a6 Rxa6 37. Kd2 Ra3 38. Kc2 Rg3 39. Kd2 g5 40. Kc2 f5 41. Kb2 h4 42. Kc2 h3 43. Kd2 h2 44. Ke1 h1Q+ 45. Kf2 Qf3+ 46. Ke1 Qe2# 0-1

[Event "FRA-ch Blitz Online Qual"]
[Site "Europe Echecs INT"]
[Date "2020.05.16"]
[Round "3"]
[White "Schrefheere, Anthime"]
[Black "Lequang, Enzo"]
[Result "0-1"]
[WhiteElo "1750"]
[BlackElo "1068"]
[PlyCount "122"]
[EventDate "2020.05.16"]
[EventType "swiss (blitz)"]
[EventRounds "15"]
[EventCountry "FRA"]
[SourceTitle "CBM 196 Extra"]
[Source "ChessBase"]
[SourceDate "2020.07.31"]
[SourceVersion "1"]
[SourceVersionDate "2020.07.31"]
[SourceQuality "1"]

1. e4 e5 2. Nc3 Nf6 3. f4 d6 4. Nf3 Bg4 5. Bc4 Nc6 6. 0-0 Nd4 7. d3 Nxf3+ 8. Rxf3 Bxf3 9. Qxf3 Be7 10. Bd2 0-0 11. Rf1 c6 12. Kh1 d5 13. exd5 cxd5 14. Nxd5 exf4 15. Bxf4 Rc8 16. Nxf6+ Bxf6 17. Qxb7 Ra8 18. Bd5 Rc8 19. c3 a5 20. d4 Re8 21. Qxf7+ Kh8 22. Be6 Re7 23. Qg8+ Qxg8 24. Bxg8 Rxg8 25. Bd6 Rd7 26. Bc5 Rgd8 27. g3 h6 28. Kg2 Rb7 29. Ba3 Re8 30. Kf3 Bg5 31. Rd1 Re3+ 32. Kg4 Re2 33. h4 Bf6 34. d5 Rd7 35. d6 Re6 36. Rd5 Be5 37. Rxa5 Bxd6 38. b4 Ree7 39. Ra8+ Kh7 40. Bb2 Ra7 41. Rxa7 Rxa7 42. a3 Be7 43. c4 Bf6 44. Bc1 Rc7 45. c5 Rc8 46. a4 Ra8 47. a5 Bc3 48. Ba3 Rb8 49. Kf5 Bxb4 50. Bxb4 Rxb4 51. a6 Ra4 52. Ke6 Rxa6+ 53. Kd7 Ra5 54. c6 Rc5 55. c7 Kg6 56. g4 h5 57. gxh5+ Kxh5 58. c8Q Rxc8 59. Kxc8 Kxh4 60. Kd7 g5 61. Ke6 g4 0-1

[Event "FRA-ch Blitz Online Qual"]
[Site "Europe Echecs INT"]
[Date "2020.05.16"]
[Round "9"]
[White "Vanneste, Axel"]
[Black "Lequang, Enzo"]
[Result "1-0"]
[WhiteElo "1413"]
[BlackElo "1068"]
[PlyCount "123"]
[EventDate "2020.05.16"]
[EventType "swiss (blitz)"]
[EventRounds "15"]
[EventCountry "FRA"]
[SourceTitle "CBM 196 Extra"]
[Source "ChessBase"]
[SourceDate "2020.07.31"]
[SourceVersion "1"]
[SourceVersionDate "2020.07.31"]
[SourceQuality "1"]

1. e4 e5 2. Bc4 Nf6 3. d4 exd4 4. Nf3 Nc6 5. 0-0 Bc5 6. e5 Ng4 7. h3 Ngxe5 8. Re1 d6 9. Bf4 0-0 10. Nxe5 dxe5 11. Bxe5 Nxe5 12. Rxe5 Bb6 13. Rd5 Qf6 14. Nd2 Be6 15. Rh5 Bxc4 16. Nxc4 d3 17. Nxb6 dxc2 18. Qxc2 g6 19. Nxa8 gxh5 20. Nxc7 Rc8 21. Rc1 Qc6 22. Qxc6 bxc6 23. Na6 Kf8 24. Nb4 c5 25. a3 Ke7 26. Nd5+ Kd6 27. Nf4 h4 28. Nh5 Kd5 29. Nf6+ Kd4 30. Nxh7 Kd3 31. f3 c4 32. Rc3+ Kd2 33. Kf2 Kd1 34. Ng5 f6 35. Ne4 f5 36. Nd6 Rc6 37. Nxc4 f4 38. Ne5 Rxc3 39. bxc3 Kc2 40. Ng6 Kxc3 41. Nxf4 Kb3 42. Ng6 Kxa3 43. Nxh4 Kb2 44. Nf5 a5 45. Ke3 a4 46. Kd2 a3 47. Nd4 a2 48. Nc2 a1Q 49. Nxa1 Kxa1 50. h4 Kb2 51. h5 Kb3 52. h6 Kc4 53. h7 Kd5 54. h8Q Kc5 55. Qe5+ Kb4 56. Qc3+ Kb5 57. Kd3 Kb6 58. Kd4 Kb7 59. Kd5 Kb8 60. Qg7 Kc8 61. Kc6 Kd8 62. Qd7# 1-0